Business Without Bosses How Self-Managing Teams Are Building High-Performing Companies
Gespeichert in:
| 1. Verfasser: | |
|---|---|
| Weitere Verfasser: | |
| Format: | Buch |
| Sprache: | Englisch |
| Veröffentlicht: |
New York
Wiley and Sons
1993
|
| Ausgabe: | 1. ed. |
| Schlagworte: | |
| Tags: |
Keine Tags, Fügen Sie das erste Tag hinzu!
|
MARC
| LEADER | 00000nam a2200000 4500 | ||
|---|---|---|---|
| 001 | c019631 | ||
| 005 | 20221206074301.8 | ||
| 020 | |a 0-471-57700-6 | ||
| 041 | 0 | |a eng | |
| 044 | |a US | ||
| 245 | 1 | 0 | |a Business Without Bosses |b How Self-Managing Teams Are Building High-Performing Companies |c Charles C. Manz, Henry P. Jr. Sims |
| 250 | |a 1. ed. | ||
| 264 | 1 | |a New York |b Wiley and Sons |c 1993 | |
| 300 | |a 238 s. | ||
| 610 | 2 | 0 | |a skupiny pracovné |
| 610 | 2 | 0 | |a manažéri |
| 610 | 2 | 0 | |a manažment |
| 610 | 2 | 0 | |a výkonnosť |
| 610 | 2 | 0 | |a výkony podnikové |
| 610 | 2 | 0 | |a výkony vnútropodnikové |
| 610 | 2 | 0 | |a samospráva |
| 100 | 1 | |a Manz, Charles C. | |
| 700 | 1 | |a Sims, Henry P., Jr. | |